ՀՀ Գիտությունների ազգային ակադեմիայի հիմնարար գիտական գրադարան  =   Fundamental Scientific Library of NAS RA

Անահիտ Թոփչեան վիպագիր արձակագիրը : (Record no. 529289)

MARC details
000 -LEADER
fixed length control field 01121nam a2200241 a 4500
001 - CONTROL NUMBER
control field 001151276
003 - CONTROL NUMBER IDENTIFIER
control field AM-YEHGA
005 - DATE AND TIME OF LATEST TRANSACTION
control field 20250618080130.0
008 - FIXED-LENGTH DATA ELEMENTS--GENERAL INFORMATION
fixed length control field 160525s2016 ai a||||r|||||||||0|arm|d
040 ## - CATALOGING SOURCE
Original cataloging agency AM-YeHGA
041 0# - LANGUAGE CODE
Language code of text/sound track or separate title arm
090 ## - LOCALLY ASSIGNED LC-TYPE CALL NUMBER (OCLC); LOCAL CALL NUMBER (RLIN)
-- 567679
100 1# - MAIN ENTRY--PERSONAL NAME
Personal name Թորանյան, Թորոս Խաչերի,
Dates associated with a name 1928-2021
9 (RLIN) 1086
245 10 - TITLE STATEMENT
Title Անահիտ Թոփչեան վիպագիր արձակագիրը :
Remainder of title [Վերլուծական հոդվածներ] /
Statement of responsibility, etc. Թ. Թորանեան.
260 ## - PUBLICATION, DISTRIBUTION, ETC.
Place of publication, distribution, etc. Երեւան :
Name of publisher, distributor, etc. Լուսակն,
Date of publication, distribution, etc. 2016.
300 ## - PHYSICAL DESCRIPTION
Extent 119 էջ :
Other physical details նկ. ;
Dimensions 20 սմ.
500 ## - GENERAL NOTE
General note Այս գիրքը կը նուիրեմ Սիտնիի հարազներուս՝ Սարգիս և Լիւսի Արոյեաններուն, որոնք նուիրուած են Աւստրալիոյ հայ համայնին ծառայութեան
600 14 - SUBJECT ADDED ENTRY--PERSONAL NAME
Personal name Թոփչեան, Անահիտ,
Dates associated with a name 1947-2021
650 14 - SUBJECT ADDED ENTRY--TOPICAL TERM
Topical term or geographic name entry element Հայ հեղինակներ
Form subdivision Կենսագրություններ
650 14 - SUBJECT ADDED ENTRY--TOPICAL TERM
Topical term or geographic name entry element Հայ դերասաններ
Form subdivision Կենսագրություններ
650 14 - SUBJECT ADDED ENTRY--TOPICAL TERM
Topical term or geographic name entry element Գրականագիտություն
942 ## - ADDED ENTRY ELEMENTS (KOHA)
Source of classification or shelving scheme Universal Decimal Classification
Koha item type Գրքեր / Books
Holdings
Withdrawn status Lost status Damaged status Not for loan Collection Home library Current library Date acquired Total checkouts Full call number Barcode Date last seen Price effective from Koha item type Public note
        General Fundamental Scientific Library Fundamental Scientific Library 26/01/2024   AII/111351 FL0681995 26/01/2024 26/01/2024 Գրքեր / Books 30 Days Loan


ՀՀ ԳԱԱ հիմնարար գիտական գրադարան
ՀՀ,Երևան 0019
Մարշալ Բաղրամյան 24/6
հեռախոս:(374-10) 52-47-50
Հետադարձ կապ

All site content, except where otherwise noted, is licensed under a
Creative Commons License